Statistiques concernant Les plus gros partenaires commerciaux - Luxembourg

Cliquez ici pour prendre le quiz!

Statistiques générales

  • Ce quiz a été pris 120 fois
    (106 depuis la dernière actualisation)
  • Le résultat moyen est 17 sur 19

Statistiques - réponses

exportationsimportationspays% Correct
1.51 bil4.38 bilBelgique
100%
3.46 bil4.66 bilAllemagne
99%
1.90 bil2.20 bilFrance
99%
0.31 bil0.27 bilEspagne
98%
0.41 bil1.27 bilEtats-Unis
98%
0.26 bil0.23 bilSuisse
98%
0.23 bil0.47 bilChine
97%
0.73 bil0.65 bilPays-Bas
97%
0.45 bil0.32 bilRoyaume-Uni
97%
0.50 bil0.51 bilItalie
94%
0.29 bil0.25 bilPologne
92%
0.22 bil0.13 bilAutriche
84%
0.50 bilJapon
83%
0.18 bilSuède
83%
0.13 bilRussie
82%
0.15 bil0.19 bilTchequie
79%
0.24 bilCanada
76%
0.14 bilTurquie
66%
0.11 bilIndonésie
42%

Distribution des résultats

Percentile par nombre de réponses

% des personnes avec chaque résultat

Votre développement - résultats

Vous n’avez pas pris ce quiz depuis la dernière actualisation